000 00689nam a2200253Ia 4500
003 OSt
005 20220928132639.0
006 a|||||r|||| 00| 0
007 ta
008 220927b |||||||| |||| 00| 0 eng d
024 _a66591
037 _cTextual
040 _aSDCL
_cSDCL
_beng
041 _2eng
_aeng
082 _aX62:1.2'P, P4
100 _aJain Nabhi Kumar
_9413691
245 0 _aHow to borrow from banking financial institutions
250 _a2
260 _aNew Delhi
_bNabhi Publications
_c2004
300 _axxxx,800p
_ccm.
650 _aLending Banks
_9482543
942 _hX62:1.2'P, P4
_cTEXL
_2CC
999 _c795286
_d795286